[Event "Hessen-ch op-B"]
[Site "Frankfurt Sossenheim"]
[Date "2015.??.??"]
[Round "3"]
[White "Scheerer, Michael"]
[Black "Stier, Ingrid"]
[Result "1-0"]
[WhiteElo "1450"]
[BlackElo "1086"]
[PlyCount "107"]
[EventDate "2015.05.13"]
[EventType "swiss"]
[EventRounds "7"]
[EventCountry "GER"]
[SourceTitle "EXT 2016"]
[Source "ChessBase"]
[SourceDate "2015.10.08"]
[SourceVersion "1"]
[SourceVersionDate "2015.10.08"]
[SourceQuality "1"]

1. e4 e5 2. Nf3 d6 3. Bc4 Bg4 4. d3 Nf6 5. c3 Bxf3 6. Qxf3 Nc6 7. Be3 a6 8. Nd2 Na5 9. Bb3 Be7 10. 0-0 b5 11. Rad1 Qc8 12. h3 Nxb3 13. Nxb3 a5 14. Nd2 Qb7 15. d4 c5 16. dxe5 dxe5 17. Qf5 Qc7 18. Nb1 g6 19. Qf3 Ra6 20. Rd2 Qc6 21. Rfd1 0-0 22. Bh6 Re8 23. Na3 Ra7 24. c4 Qxe4 25. Qxe4 Nxe4 26. Re2 Bg5 27. Bxg5 Nxg5 28. Nxb5 Rae7 29. Rd6 f5 30. Ra6 e4 31. Rxa5 f4 32. Kf1 f3 33. Re3 Rd8 34. Nc3 fxg2+ 35. Kxg2 Re5 36. b4 Rf8 37. Rxc5 Ref5 38. Rxf5 gxf5 39. Nd5 f4 40. Rc3 Rf7 41. c5 f3+ 42. Kh2 Kf8 43. c6 Ne6 44. c7 Nxc7 45. Rxc7 Rf5 46. Ne3 Rb5 47. Rc4 Ke7 48. Rxe4+ Kd6 49. a4 Rb7 50. Rc4 Ke5 51. b5 Rd7 52. Rc5+ Kf4 53. Nd5+ Kg5 54. Nb6+ 1-0

[Event "Hessen-ch op-B"]
[Site "Frankfurt Sossenheim"]
[Date "2015.??.??"]
[Round "2"]
[White "Stier, Ingrid"]
[Black "Mook, Karl Juergen"]
[Result "0-1"]
[WhiteElo "1086"]
[BlackElo "1570"]
[PlyCount "192"]
[EventDate "2015.05.13"]
[EventType "swiss"]
[EventRounds "7"]
[EventCountry "GER"]
[SourceTitle "EXT 2016"]
[Source "ChessBase"]
[SourceDate "2015.10.08"]
[SourceVersion "1"]
[SourceVersionDate "2015.10.08"]
[SourceQuality "1"]

1. e4 c5 2. Nf3 a6 3. Bc4 e6 4. d4 cxd4 5. Qxd4 Nc6 6. Qd3 Na5 7. 0-0 Nxc4 8. Qxc4 b5 9. Qd3 Nf6 10. e5 Nd5 11. c3 Be7 12. Nbd2 0-0 13. Ne4 h6 14. a3 Qc7 15. g3 Bb7 16. Re1 Rfd8 17. Bd2 Rac8 18. Rac1 Qc4 19. Qxc4 Rxc4 20. Nd4 f6 21. f4 f5 22. Nd6 Rc7 23. Nxb7 Rxb7 24. Be3 Rc8 25. Rc2 Rbc7 26. Kg2 Rc4 27. Bf2 R4c7 28. Rcc1 Bc5 29. Kh3 Bxd4 30. Bxd4 Rc6 31. b3 a5 32. c4 bxc4 33. bxc4 Nb6 34. Bxb6 Rxb6 35. Rc3 Rc5 36. Kg2 Kf7 37. Rd3 Ke7 38. Rd4 Rb2+ 39. Kh3 a4 40. Red1 Rb7 41. Kh4 g6 42. h3 Rbc7 43. Rc1 Rb7 44. g4 fxg4 45. hxg4 Rb2 46. Rcd1 Rc7 47. f5 exf5 48. gxf5 gxf5 49. c5 Rc2 50. Rxa4 R2xc5 51. Kh5 Rxe5 52. Kxh6 Re6+ 53. Kg5 Rf6 54. Re1+ Kf7 55. Rf4 Rc3 56. Rxf5 Rxf5+ 57. Kxf5 Rxa3 58. Ke5 Ra6 59. Kd5 Rh6 60. Kc5 Rc6+ 61. Kd5 Kf6 62. Kd4 Ra6 63. Kc4 Re6 64. Rd1 Ke7 65. Kc5 d6+ 66. Kc6 Rh6 67. Re1+ Re6 68. Rh1 Rf6 69. Rh7+ Ke6 70. Rd7 Ke5 71. Rd8 Re6 72. Rd7 Rh6 73. Re7+ Kd4 74. Re1 d5+ 75. Kb5 Rh3 76. Rd1+ Rd3 77. Rc1 Rb3+ 78. Ka4 Rc3 79. Rd1+ Kc4 80. Ka5 d4 81. Re1 Ra3+ 82. Kb6 Rb3+ 83. Ka5 d3 84. Rc1+ Kd4 85. Ka4 Rc3 86. Rh1 d2 87. Rh4+ Kd3 88. Rh3+ Kc2 89. Rh2 Kc1 90. Kb4 Re3 91. Rh5 d1Q 92. Rc5+ Kb2 93. Kb5 Qb3+ 94. Kc6 Re6+ 95. Kd7 Qb6 96. Rd5 Qc6+ 0-1